ბათუმის შოთა რუსთაველის სახელმწიფო უნივერსიტეტის ბიბლიოთეკა

პედაგოგიკის საკითხები : (ბიბ.ჩანაწერი № 43797)

000 -ლიდერი
ფიქსირებული სიგრძის საკონტროლო ველი 01431nam a2200277Ia 4500
001 - საკონტროლო ნომერი
საკონტროლო ველი 10542
003 - საკონტროლო ნომრის იდენტიფიკატორი
საკონტროლო ველი GE_BSU
005 - ბოლო ოპერაციის თარიღი და დრო
საკონტროლო ველი 20250401165835.0
008 - ფიქსირებული სიგრძის მონაცემთა ელემენტები - ზოგადი ინფორმაცია
ფიქსირებული სიგრძის საკონტროლო ველი 181216s2013||||ge |||||||||||||| ||geo||
020 ## - წიგნის საერთაშორისო სტანდარტული ნომერი
International Standard Book Number 978994193326
040 ## - კატალოგიზაციის წყარო
Transcribing agency GE_BSU
041 ## - ენის კოდი
Language code of text/sound track or separate title geo
080 ## - უნივერსალური ათობითი კლასიფიკაციის ინდექსი
Universal Decimal Classification number 37.01(075.8) პ–26
245 ## - ცნობა სათაურის შესახებ
Title პედაგოგიკის საკითხები :
Remainder of title [მასწავლებლის პროფ. განვითარება : სახელმძღვ.]. /
Statement of responsibility, etc შემდგ. მანანა ბოჭორიშვილი.
264 ## - წარმოების, გამოცემის, დისტრიბუციის და სხვა ცნობები
გამოცემის, წარმოების, დისტრიბუციის... ადგილი თბილისი :
გამოცემის, წარმოების, დისტრიბუციის... სახელწოდება უსტარი,
გამოცემის, წარმოების, დისტრიბუციის... თარიღი 2013.
300 ## - ფიზიკური აღწერა
Extent 155 გვ.
Other physical details ცხრ.ფოტ.
Dimensions 24 სმ.
490 ## - სერიის ცნობა
Series statement მასწავლებლის ბიბლიოთეკა ასოციაცია "ზეკარი"
500 ## - ზოგადი შენიშვნა
General note ტერმინთა განმარტება: გვ. 151-154.
501 ## - შენიშვნა თანმხლებ მასალაზე
With note ბიბლიოგრ.: გვ. 155.
653 ## - INDEX TERM--UNCONTROLLED
Uncontrolled term მასწავლებლის პროფესიული განვითარება
653 ## - INDEX TERM--UNCONTROLLED
Uncontrolled term პედაგოგიკის საკითხები
653 ## - INDEX TERM--UNCONTROLLED
Uncontrolled term სწავლისა და განვითარების თეორიები
700 ## - ADDED ENTRY--PERSONAL NAME
Personal name ბოჭორიშვილი, მანანა
Relator term შემდგენელი
9 (RLIN) 7165
942 ## - ADDED ENTRY ELEMENTS (KOHA)
Koha item type წიგნი
Source of classification or shelving scheme
ეგზემპლარები
ჩამოწერის სტატუსი დაკარგული ეგზემპლარის სტატუსი კლასიფიკაციის წყარო ან თაროზე გაწყობის სქემა დაზიანების სტატუსი არ გაიცემა მუდმივი მდებარეობა (დაცვის ადგილი) ამჟამინდელი ადგილსამყოფელი თაროზე განთავსების ადგილი შეძენის თარიღი ღირებულება, შესყიდვის ნორმალური ფასი სრული შენახვის შიფრი შტრიხკოდი ბოლო ოპერაციის თარიღი ეგზემპლარის მიმდევრობითი ნომერი (კეტერი?) ფასის ძალაში შესვლის თარიღი ეგზემპლარის სახეობა საჯარო შენიშვნა
          ბათუმის შოთა რუსთაველის სახელმწიფო უნივერსიტეტის მთავარი ბიბლიოთეკა ბათუმის შოთა რუსთაველის სახელმწიფო უნივერსიტეტის მთავარი ბიბლიოთეკა წიგნსაცავი 2018-12-17 14.00 37.01(075.8) პ–26 34356 2018-12-17 34356 2018-12-17 წიგნი 14 ლ.
          ბათუმის შოთა რუსთაველის სახელმწიფო უნივერსიტეტის მთავარი ბიბლიოთეკა ბათუმის შოთა რუსთაველის სახელმწიფო უნივერსიტეტის მთავარი ბიბლიოთეკა წიგნსაცავი 2018-12-17 14.00 37.01(075.8) პ–26 34357 2018-12-17 34357 2018-12-17 წიგნი 14 ლ.
          ბათუმის შოთა რუსთაველის სახელმწიფო უნივერსიტეტის მთავარი ბიბლიოთეკა ბათუმის შოთა რუსთაველის სახელმწიფო უნივერსიტეტის მთავარი ბიბლიოთეკა   2018-12-17 14.00 37.01(075.8) პ–26 34358 2018-12-17 34358 2018-12-17 წიგნი 14 ლ.
          ბათუმის შოთა რუსთაველის სახელმწიფო უნივერსიტეტის მთავარი ბიბლიოთეკა ბათუმის შოთა რუსთაველის სახელმწიფო უნივერსიტეტის მთავარი ბიბლიოთეკა წიგნსაცავი 2018-12-17 14.00 37.01(075.8) პ–26 34359 2018-12-17 34359 2018-12-17 წიგნი 14 ლ.
          ბათუმის შოთა რუსთაველის სახელმწიფო უნივერსიტეტის მთავარი ბიბლიოთეკა ბათუმის შოთა რუსთაველის სახელმწიფო უნივერსიტეტის მთავარი ბიბლიოთეკა წიგნსაცავი 2018-12-17 14.00 37.01(075.8) პ–26 34360 2018-12-17 34360 2018-12-17 წიგნი 14 ლ.